Loading...
| Beliefs | 5 | 12.00 | 100% | 20% | 0% |
| Fine Arts - Classical Music and Opera | 4 | 5.00 | 50% | 0% | 0% |
| Fine Arts - Other Arts | 5 | 8.00 | 60% | 20% | 0% |
| History - American | 4 | 17.50 | 100% | 75% | 0% |
| History - Ancient | 3 | 10.00 | 100% | 0% | 0% |
| History - European | 2 | 10.00 | 100% | 0% | 0% |
| History - Other | 1 | 10.00 | 100% | 0% | 0% |
| History - World | 1 | 0.00 | 0% | 0% | 0% |
| Literature - American | 4 | 10.00 | 100% | 0% | 0% |
| Literature - British | 2 | 5.00 | 50% | 0% | 0% |
| Literature - European | 5 | 4.00 | 40% | 0% | 0% |
| Literature - World | 1 | 10.00 | 100% | 0% | 0% |
| Philosophy | 6 | 6.67 | 67% | 0% | 0% |
| Science - Biology | 3 | 6.67 | 67% | 0% | 0% |
| Science - Chemistry | 2 | 5.00 | 50% | 0% | 0% |
| Science - Other | 2 | 5.00 | 50% | 0% | 0% |
| Science - Physics | 2 | 10.00 | 100% | 0% | 0% |
| Social Science | 3 | 13.33 | 100% | 0% | 33% |
| Visual Arts | 3 | 10.00 | 100% | 0% | 0% |